|
|
|
|
| LEADER |
00000nam a2200000 a 4500 |
| 001 |
vtls008301297 |
| 003 |
SK-MaSNL |
| 005 |
20260301164447.0 |
| 008 |
160610s2005 xo a g 000 jdslo |
| 015 |
|
|
|a SNBA2006/02-01055
|
| 020 |
|
|
|a 8089031242
|q (brož.)
|
| 035 |
|
|
|a F27F9A01-3EE4-48AC-BADB-2B1F24D4B7DF
|
| 035 |
|
|
|a urn:nbn:sk:snk-amkzrb
|
| 035 |
|
|
|a urn:nbn:sk:snk-am008or0
|
| 040 |
|
|
|a SNK
|b slo
|c SNK
|e AACR2
|
| 041 |
0 |
|
|a slo
|
| 044 |
|
|
|a xo
|c SK
|
| 072 |
|
7 |
|a 821.162.4-3
|x Slovenská próza
|2 konspekt
|
| 080 |
|
|
|a 821.162.4-32
|2 MDT-MRF
|
| 100 |
1 |
|
|a Kucháriková, Zuzana,
|d 1941-
|4 aut
|4 ill
|9 231003
|
| 245 |
1 |
0 |
|a Na výslnie
|c Zuzana Kucháriková
|
| 250 |
|
|
|a [1. vyd.]
|
| 260 |
|
|
|a Dohňany - Zbora
|b Ametyst
|c 2005
|
| 300 |
|
|
|a 116 s.
|b ilustr.
|c 21 cm
|
| 500 |
|
|
|a Ilustr. na front.
|
| 504 |
|
|
|a Biogr. údaje. Pozn.
|
| 655 |
|
7 |
|a slovenské poviedky
|2 SNKPH
|9 70226
|
| 919 |
|
|
|a 80-89031-24-2
|
| 958 |
|
|
|a OND
|
| 968 |
|
|
|d 821
|
| 999 |
|
|
|c 820705
|d 822635
|
| 952 |
|
|
|a SNK
|b SNK
|y PREZ
|7 0
|p 17A0485218
|o snkSC 121406
|i snk2005/16481
|8 0
|0 0
|1 0
|4 0
|d 2005-10-06
|f 1
|l 0
|r 2025-06-02 00:00:00
|w 2026-02-24
|
| 952 |
|
|
|a SNK
|b SNK
|y VYP
|7 0
|p 17A0485227
|o snkSC 121406 D1
|i snk2005/16482
|8 0
|0 0
|1 0
|4 0
|d 2005-10-06
|l 0
|r 2026-02-24 03:05:15
|w 2026-02-24
|